000 01413nam2a22002531 4500
001 RU\NLR\INFOCOMM10\1000214950
005 20250617052100.0
035 _a(NLR Aleph) 002480651
090 _a2420726
_c2420726
100 _a20040402d1907 |||y0rusy50 ca
101 0 _arus
102 _aRU
105 _ay |||||||||
200 1 _aЯков Алексеевич Исаков и его ученики
_fСимони, П.К.
210 _d1907
_aБ. м.
461 0 _1001RU\NLR\INFOCOMM10\1000214938
_12001#$aКнижная биржа$eЕжемес. журн. изд. и книготорг. деятельности$eОрган сближения интересов авторов, издателей, книготорговцев и читателей и их торгово-пром. отношений$vГ.3 1907, январь
_92420718
_cСПб.
_d1905-1907
_nН.Г. Мартынов
_oЕжемес. журн. изд. и книготорг. деятельности : Орган сближения интересов авторов, издателей, книготорговцев и читателей и их торгово-пром. отношений
_tКнижная биржа
_vГ.3 1907, январь
700 1 _aСимони
_bП.К.
_4070
801 1 _aRU
_bInfoComm
_c20040402
801 0 _aRU
_bNLR
_gPSBO
852 _aNLR
_j993П/К-53
942 _cISSUE
980 _aNB
980 _aRUSPER